[Event "EU-ch Hybrid U10"]
[Site "Tornelo INT"]
[Date "2021.10.15"]
[Round "7"]
[White "Petroff, Vlad"]
[Black "Katpatal, Akshaj"]
[Result "0-1"]
[WhiteElo "1415"]
[BlackElo "1642"]
[PlyCount "70"]
[EventDate "2021.10.15"]
[EventType "swiss"]
[EventRounds "9"]
[EventCountry "NET"]
[SourceTitle "EXT 2023"]
[Source "ChessBase"]
[SourceDate "2022.10.05"]
[SourceVersion "1"]
[SourceVersionDate "2022.10.05"]
[SourceQuality "1"]
[WhiteTeam "Romania"]
[BlackTeam "Netherlands"]
[WhiteTeamCountry "ROU"]
[BlackTeamCountry "NED"]

1. e4 e5 2. Bc4 Nc6 3. Nc3 Bc5 4. Qg4 g6 5. d3 d5 6. Qf3 dxc4 7. dxc4 Nd4 8. Qd3 Be6 9. Na4 Be7 10. Be3 Qd7 11. Nc3 0-0-0 12. 0-0-0 f5 13. f3 c6 14. Nge2 c5 15. Rd2 Nf6 16. h3 Rhf8 17. Bh6 fxe4 18. fxe4 Rf7 19. Qg3 Bxc4 20. Qxe5 Bxe2 21. Nxe2 Bd6 22. Qg5 Nxe4 23. Qe3 Nxd2 24. Qxd2 Bf4 25. Bxf4 Rxf4 26. Re1 Nb3+ 27. axb3 Qxd2+ 28. Kb1 Qxe1+ 29. Nc1 Rf1 30. b4 Qxc1+ 31. Ka2 cxb4 32. g4 Qxc2 33. g5 Ra1+ 34. Kxa1 Rd1+ 35. Ka2 Qa4# 0-1

[Event "NED-ch U14"]
[Site "Almelo"]
[Date "2021.08.06"]
[Round "8"]
[White "Smeets, Kobe"]
[Black "Katpatal, Akshaj"]
[Result "1-0"]
[WhiteElo "1897"]
[BlackElo "1650"]
[PlyCount "117"]
[EventDate "2021.08.01"]
[EventType "swiss"]
[EventRounds "9"]
[EventCountry "NED"]
[SourceTitle "EXT 2022"]
[Source "ChessBase"]
[SourceDate "2021.10.06"]
[SourceVersion "1"]
[SourceVersionDate "2021.10.06"]
[SourceQuality "1"]

1. e4 e5 2. Nf3 Nc6 3. Bb5 Bc5 4. 0-0 Nf6 5. Nxe5 Nxe5 6. d4 Bb6 7. dxe5 Nxe4 8. Qg4 Nxf2 9. Rxf2 Bxf2+ 10. Kxf2 Qe7 11. Nc3 0-0 12. Bg5 Qc5+ 13. Be3 Qe7 14. Bd3 d6 15. Qe4 f5 16. exf6 Qxf6+ 17. Kg1 Bf5 18. Qc4+ Kh8 19. Nd5 Qe6 20. Bd4 Bxd3 21. Qxd3 Rae8 22. h3 Qf5 23. Qxf5 Rxf5 24. Nxc7 Re7 25. Bxa7 Rxc7 26. c3 h6 27. Bd4 Re7 28. Rf1 Rxf1+ 29. Kxf1 Kg8 30. a4 Kf7 31. b4 Ke6 32. Ke2 Kf5+ 33. Kf3 g5 34. g4+ Kg6 35. Be3 h5 36. a5 hxg4+ 37. hxg4 Rc7 38. Bd4 d5 39. b5 Rc8 40. a6 bxa6 41. bxa6 Re8 42. a7 Kf7 43. Be5 Ra8 44. Bb8 Ke6 45. Ke3 Kd7 46. Kd3 Ke7 47. Kd4 Ke6 48. Kc5 Kf7 49. Kxd5 Ke7 50. Kc6 Rxa7 51. Bxa7 Kd8 52. Kb7 Kd7 53. c4 Kd6 54. c5+ Ke5 55. c6 Kf4 56. c7 Kg3 57. c8Q Kh2 58. Qc3 Kh1 59. Qh3# 1-0

[Event "NED-ch U14"]
[Site "Almelo"]
[Date "2021.08.05"]
[Round "7"]
[White "Kurt, Sascha"]
[Black "Katpatal, Akshaj"]
[Result "1/2-1/2"]
[WhiteElo "1650"]
[BlackElo "1650"]
[PlyCount "102"]
[EventDate "2021.08.01"]
[EventType "swiss"]
[EventRounds "9"]
[EventCountry "NED"]
[SourceTitle "EXT 2022"]
[Source "ChessBase"]
[SourceDate "2021.10.06"]
[SourceVersion "1"]
[SourceVersionDate "2021.10.06"]
[SourceQuality "1"]

1. e4 e5 2. Nf3 Nc6 3. d4 exd4 4. Nxd4 Bc5 5. Be3 Bb6 6. Nxc6 bxc6 7. Bxb6 cxb6 8. Nc3 Ne7 9. e5 0-0 10. Bd3 Ng6 11. 0-0 Nf4 12. Ne4 d5 13. exd6 f5 14. Ng3 Be6 15. Qd2 Qxd6 16. Nxf5 Rxf5 17. Rad1 Nxd3 18. Qxd3 Rd5 19. Qe2 Rd8 20. Rxd5 Qxd5 21. b3 Bf7 22. Qa6 Bh5 23. h3 Qf7 24. f4 Qe7 25. Qc4+ Bf7 26. Qxc6 Qc5+ 27. Qxc5 bxc5 28. Rf2 c4 29. Re2 Rd1+ 30. Kf2 Ra1 31. bxc4 Bxc4 32. Re4 Bb5 33. Rb4 a6 34. Rb2 Kf7 35. g4 Ke6 36. c3 Rc1 37. a4 Bc4 38. Rb6+ Kd5 39. Rb7 Rc2+ 40. Kg3 Rxc3+ 41. Kh4 Bf1 42. Rxg7 Rxh3+ 43. Kg5 h6+ 44. Kf6 Ke4 45. f5 Kf4 46. Rg6 Be2 47. Kg7 Bxg4 48. Rxa6 Rg3 49. Rxh6 Bxf5+ 50. Kf6 Bc2 51. Rh4+ Rg4 1/2-1/2

[Event "NED-ch U14"]
[Site "Almelo"]
[Date "2021.08.04"]
[Round "5"]
[White "Katpatal, Akshaj"]
[Black "Kien, Lancelot"]
[Result "1-0"]
[WhiteElo "1650"]
[BlackElo "1650"]
[PlyCount "85"]
[EventDate "2021.08.01"]
[EventType "swiss"]
[EventRounds "9"]
[EventCountry "NED"]
[SourceTitle "EXT 2022"]
[Source "ChessBase"]
[SourceDate "2021.10.06"]
[SourceVersion "1"]
[SourceVersionDate "2021.10.06"]
[SourceQuality "1"]

1. e4 e5 2. Nf3 Nc6 3. Bc4 Bc5 4. 0-0 Nf6 5. d3 h6 6. Be3 Bb6 7. Bxb6 axb6 8. a3 0-0 9. Nc3 d6 10. Nh4 Nxe4 11. Ng6 Nxc3 12. bxc3 d5 13. Bxd5 Qxd5 14. Nxf8 Kxf8 15. Qd2 b5 16. Qe3 Qd6 17. Qc1 Qc5 18. Qb2 b6 19. h3 Ra4 20. Rfb1 Na7 21. Rd1 Be6 22. d4 Qc4 23. dxe5 Ke7 24. Rd3 Qc5 25. Rd4 Bc4 26. Qc1 Qxe5 27. Qd2 Be6 28. Rxa4 bxa4 29. Rd1 Nc6 30. Qd3 Qc5 31. Qg3 Qe5 32. Qf3 Qc5 33. Qg3 Qe5 34. Qh4+ Qf6 35. Qxa4 Qxc3 36. Rd3 Qa1+ 37. Kh2 Qe5+ 38. g3 Qc5 39. Qf4 Ne5 40. Re3 f6 41. Qe4 Bd5 42. Qf5 Kf7 43. Rxe5 1-0

[Event "EU-ch Amateur Online Final 1400/1700"]
[Site "Tornelo INT"]
[Date "2021.04.18"]
[Round "4"]
[White "Katpatal, Akshaj"]
[Black "Dallas, Nikolaos Alexandros"]
[Result "0-1"]
[WhiteElo "1518"]
[BlackElo "1255"]
[PlyCount "106"]
[EventDate "2021.04.18"]
[EventType "swiss (rapid)"]
[EventRounds "9"]
[EventCountry "NET"]
[SourceTitle "EXT 2023"]
[Source "ChessBase"]
[SourceDate "2022.10.05"]
[SourceVersion "1"]
[SourceVersionDate "2022.10.05"]
[SourceQuality "1"]

1. e4 Nc6 2. Nf3 e5 3. Bc4 Bc5 4. c3 Nf6 5. d4 exd4 6. e5 d5 7. Bb3 Ne4 8. cxd4 Bb4+ 9. Bd2 Bxd2+ 10. Nbxd2 Bg4 11. h3 Bh5 12. g4 Bg6 13. Qe2 0-0 14. h4 Nxd2 15. Qxd2 Be4 16. Qe3 f6 17. Qxe4 fxe5 18. Qxd5+ Qxd5 19. Bxd5+ Kh8 20. Nxe5 Nxd4 21. 0-0-0 Ne2+ 22. Kd2 Nf4 23. Nf7+ Kg8 24. Bb3 Rxf7 25. Bxf7+ Kxf7 26. Ke3 Ne6 27. f4 Re8 28. f5 Nc5+ 29. Kf3 a5 30. Rd5 b6 31. Rhd1 Re7 32. a3 a4 33. g5 h6 34. gxh6 gxh6 35. Rg1 Nd7 36. Kf4 Nf6 37. Rd8 Re4+ 38. Kg3 Rg4+ 39. Kf2 Rxh4 40. Re1 Rf4+ 41. Kg3 Rxf5 42. Rc8 Rc5 43. Rf1 Rc2 44. Rf4 Ke7 45. Rxa4 Nd5 46. Rd4 c6 47. Rh8 Rxb2 48. Rxh6 Rb3+ 49. Kg4 Nf6+ 50. Kg5 Rg3+ 51. Kf4 Rg4+ 52. Kf5 Rxd4 53. Rxf6 Rd5+ 0-1